Statutory Interpretation : (Record no. 999)

MARC details
000 -LEADER
fixed length control field 00560nam a22001817a 4500
005 - DATE AND TIME OF INPUT
control field 20231128100732.0
008 - DATA ELEMENTS--GENERAL INFORMATION
fixed length control field 231128b |||||||| |||| 00| 0 eng d
020 ## - INTERNATIONAL STANDARD BOOK NUMBER
International Standard Book Number 0702145335
041 ## - LANGUAGE CODE
Language code of text English
082 ## - SHELF NUMBER
DDC number 340.1 BOT
100 ## - MAIN AUTHOR
Main author's name Botha, C
Language of a work English
245 ## - TITLE STATEMENT
Title Statutory Interpretation :
Sub-title An Introduction for students /
Statement of responsibility, etc. C Botha
250 ## - EDITION STATEMENT
Edition statement Third Edition
260 ## - PUBLICATION, DISTRIBUTION, ETC.
Place of publication, distribution, etc. Cape Town :
Name of publisher, distributor, etc. Juta and Company Ltd,
Date of publication, distribution, etc. 1998
300 ## - PHYSICAL DESCRIPTION
Other physical details xxiii, 185 pages ;
Dimensions 22 cm.
650 ## - SUBJECT`
Broad subject Legal practice
Own subject terms Law
942 ## - ADDED ENTRY ELEMENTS (KOHA)
Item type Books
942 ## - ADDED ENTRY ELEMENTS (KOHA)
-- ALISON_BN_VRIES
Holdings
Source of classification or shelving scheme Not for loan Collection code Home library Current library Shelving location Date acquired Full call number Barcode Price effective from Koha item type
Dewey Decimal Classification   TEXT BOOKS LAW SOCIETY OF NAMIBIA LIBRARY - WINDHOEK LAW SOCIETY OF NAMIBIA LIBRARY - WINDHOEK General Shelf 11/28/2023 340.1 BOT LSN/2004/85 11/28/2023 Books